000 00959nam a2200217Ia 4500
001 19858
003 GE_BSU
008 181216s||||||||xx |||||||||||||| ||und||
040 _cGE_BSU
080 _a02
245 _aსაბიბლიოთეკო ტექნიკის მინიმუმი მასობრივ ბიბლიოთეკებში: ინსტრუქცია და სააღრიცხვო ფორმები
260 _aთბილისი
260 _c1964
300 _a83გვ. 22სმ.
541 _h4ლ. 10თ.
653 _aბიბლიოთეკარი
653 _aინსტრუქცია და სააღრიცხვო ფორმები
653 _aსაბიბლიოთეკო ტექნიკის მინიმუმი მასობრივ ბიბლიოთეკებში
653 _aქსეროქსი
942 _cBK
999 _c52828
_d52828